Implementácia účtovných, kontrolných a audítorských postupov z hľadiska transformácie a harmonizácie ekonomických procesov účtovných jednotiek záverečná správa z VVČ 2004, IG č. 170013/2002

Gespeichert in:
Bibliographische Detailangaben
1. Verfasser: Vépyová, Mária
Körperschaft: Fakulta hospodárskej informatiky EU. Katedra účtovníctva
Format: Buch
Sprache:Slowakisch
Veröffentlicht: Bratislava 2005
Schlagworte:
Tags: Tag hinzufügen
Keine Tags, Fügen Sie das erste Tag hinzu!

MARC

LEADER 00000nam$a2200000$$$4500
001 0064714
005 20240503084918.1
041 0 |a slo 
044 |a SK 
245 1 0 |a Implementácia účtovných, kontrolných a audítorských postupov z hľadiska transformácie a harmonizácie ekonomických procesov účtovných jednotiek  |b záverečná správa z VVČ 2004, IG č. 170013/2002  |c zodpovedný riešiteľ (vedúca IG): Mária Vépyová 
264 1 |a Bratislava  |c 2005 
300 |a 21 s. 
610 2 0 |a kontrola 
610 2 0 |a audítorstvo 
100 1 |a Vépyová, Mária 
710 2 |a Fakulta hospodárskej informatiky EU. Katedra účtovníctva